| LEADER |
01449nam0a2200229 450 |
| 001 |
16868335 |
| 010 |
|
|
|a 979-1-0347-3690-4
|b rel.
|d 12,5
|
| 100 |
|
|
|a 20260529d2026 u u0frey01 ba
|
| 101 |
0 |
|
|a fre
|
| 102 |
|
|
|a BE
|
| 200 |
0 |
|
|a A la recherche des origines
|f dessin et couleurs, Gijé
|g scénario, Carbone
|
| 207 |
|
1 |
|a
|
| 210 |
|
|
|a Paris
|b 57, bd de La Villette
|c Dupuis
|d DL 2019
|
| 215 |
|
|
|a 1 vol. (56 p.)
|c ill. en coul.
|d 30 cm
|
| 225 |
1 |
|
|a La boîte à musique
|v 3
|
| 330 |
|
|
|a Cyprien, le fils d'Anton, a découvert le passage entre Pandorient et le monde de Nola ! Curieux, il l'emprunte, mais est heureusement rattrapé par Igor et Andrea. Ils se retrouvent avec Nola avant de repartir rapidement dans leur monde. Malheureusement, d'autres Pandorientaux ont suivi Cyprien et l'obligent à révéler ce qu'il sait... Cette fois-ci, Nola voit débarquer trois individus qui s'enfuient immédiatement, non sans lui avoir demandé s'ils étaient bien en Pandoccident... C'en est trop pour Nola qui réclame des explications ! Elle découvre alors que l'histoire de leurs deux mondes : Pandorient et Pandoccident est plus compliqué et terrible que ce qu'elle supposait.
|
| 461 |
|
0 |
|t La boîte à musique
|v 3
|
| 700 |
|
0 |
|a Gijé
|f 1988-....
|4 440
|
| 702 |
|
0 |
|a Carbone
|f 1973-....
|4 70
|
| 900 |
|
|
|a Bande Dessinée (enfants)
|
| 901 |
|
|
|a Jeunesse
|
| 995 |
|
|
|a Médiathèque
|c Médiathèque
|f 089021893
|h 089021893
|k BD BOI 3
|o p
|q j
|r az
|e Médiathèque
|